[Event "Let's Play Chess!"]
[Site "http://www.queenalice.com/game.php?id=411641"]
[Date "2008.6.1"]
[Round "-"]
[White "elche"]
[Black "erasmus"]
[Result "0-1"]
[WhiteElo "1728"]
[BlackElo "1956"]

1. e4 c5 2. Nc3 Nc6 3. Nf3 e6 4. Bc4 a6 5. d4 cxd4 6. Nxd4 Qc7 7. O-O Nf6 8.
Nxc6 bxc6 9. Qd3 d5 10. exd5 cxd5 11. Bb3 Bd6 12. f4 O-O 13. Be3 Bb7 14. h3 Rac8
15. Ne2 Rfd8 16. c3 Ne4 17. Bc2 Bc5 18. Bxc5 Qxc5+ 19. Kh2 Bc6 20. Ng3 Bb5 21.
Qd4 Qxd4 22. cxd4 Rxc2 0-1

[Event "Let's Play Chess!"]
[Site "http://www.queenalice.com/game.php?id=411646"]
[Date "2008.6.1"]
[Round "-"]
[White "erasmus"]
[Black "elche"]
[Result "1-0"]
[WhiteElo "1963"]
[BlackElo "1705"]

1. e4 c5 2. Nc3 Nc6 3. g3 g6 4. Bg2 Bg7 5. d3 Nf6 6. f4 d6 7. Nf3 O-O 8. h3 h6
9. O-O Nh5 10. Kh2 e5 11. fxe5 dxe5 12. Be3 Nd4 13. Qd2 Nxf3+ 14. Bxf3 Kh7 15.
Bxh5 gxh5 16. Bxc5 Qd7 17. Bxf8 Qxh3+ 18. Kg1 Qxg3+ 19. Qg2 Qxg2+ 20. Kxg2 Bxf8
21. Rxf7+ Bg7 22. Raf1 Be6 23. Rxb7 h4 24. Rf6 Bg8 25. Kh3 Kh8 26. Ra6 1-0

[Event "Let's Play Chess!"]
[Site "http://www.queenalice.com/game.php?id=426941"]
[Date "2008.7.3"]
[Round "-"]
[White "papilon_br"]
[Black "erasmus"]
[Result "0-1"]
[WhiteElo "1631"]
[BlackElo "1975"]

1. e4 d5 2. exd5 Nf6 3. Nc3 Nxd5 4. Bc4 Nb6 5. Bd3 Nc6 6. b3 e5 7. Bb2 Be7 8.
Qf3 O-O 9. O-O-O a5 10. a3 a4 11. b4 f5 12. Bb5 Nd4 13. Qd3 Be6 14. Nf3 c6 15.
Nxd4 exd4 16. Qe2 Bf7 17. Bxc6 bxc6 18. Na2 Bxa2 19. c3 dxc3 20. Bxc3 Bb3 21.
Rde1 Bf6 22. Qe3 Nc4 23. Qe6+ Kh8 24. Qxc6 Bxc3 25. dxc3 Qd2+ 0-1

[Event "Let's Play Chess!"]
[Site "http://www.queenalice.com/game.php?id=427464"]
[Date "2008.7.4"]
[Round "-"]
[White "erasmus"]
[Black "philler"]
[Result "0-1"]
[WhiteElo "1977"]
[BlackElo "1771"]

1. e4 c5 2. Nc3 Nc6 3. g3 Nf6 4. Bg2 g6 5. d3 Bg7 6. Be3 d6 7. h3 Be6 8. Qd2 Nd4
9. Nce2 Nxe2 10. Nxe2 Ng8 11. O-O b6 12. Nf4 Bxb2 13. Nxe6 fxe6 14. Rad1 Bg7 15.
f4 Rc8 16. f5 exf5 17. exf5 Nf6 18. fxg6 hxg6 19. c3 Rc7 20. d4 c4 21. Qc2 Kd7
22. Qxg6 Qg8 23. Qf5+ Kd8 24. Bg5 Nh7 25. Bf4 Qf8 26. Qd5 Nf6 27. Qf3 Bh6 28.
Bxd6 exd6 29. Qxf6+ Qxf6 30. Rxf6 Rd7 31. h4 Kc7 32. Bd5 b5 33. a4 a6 34. axb5
axb5 35. Kg2 Bg7 0-1

[Event "Let's Play Chess!"]
[Site "http://www.queenalice.com/game.php?id=427465"]
[Date "2008.7.4"]
[Round "-"]
[White "MasterCaster"]
[Black "erasmus"]
[Result "0-1"]
[WhiteElo "1576"]
[BlackElo "1973"]

1. e4 d5 2. exd5 Nf6 3. c4 c6 4. Qa4 e6 5. dxc6 Nxc6 6. Nf3 Bc5 7. Ne5 Bxf2+ 8.
Kxf2 Qd4+ 9. Kf3 Qxe5 10. d3 O-O 11. Kf2 Ng4+ 12. Kf3 Nd4+ 13. Kxg4 h5+ 14. Kh4
Qe1+ 15. Kxh5 g6+ 16. Kg4 e5+ 17. Kg5 Kg7 18. g3 Nf3# 0-1

[Event "Let's Play Chess!"]
[Site "http://www.queenalice.com/game.php?id=434578"]
[Date "2008.7.17"]
[Round "-"]
[White "Philvd"]
[Black "erasmus"]
[Result "1-0"]
[WhiteElo "1998"]
[BlackElo "1953"]

1. e4 e5 2. Nf3 Nf6 3. d4 exd4 4. e5 Ne4 5. Qxd4 f5 6. exf6 Nxf6 7. Bb5 Be7 8.
O-O O-O 9. Nc3 d5 10. Bg5 c6 11. Be2 Bf5 12. Bd3 Bxd3 13. Qxd3 Nbd7 14. Rae1 Bd6
15. Re6 1-0

[Event "Let's Play Chess!"]
[Site "http://www.queenalice.com/game.php?id=434579"]
[Date "2008.7.17"]
[Round "-"]
[White "erasmus"]
[Black "Philvd"]
[Result "0-1"]
[WhiteElo "1939"]
[BlackElo "2012"]

1. e4 c6 2. Nc3 d5 3. Nf3 Bg4 4. h3 Bxf3 5. Qxf3 dxe4 6. Nxe4 Nf6 7. Nxf6+ exf6
8. c3 Bd6 9. d4 O-O 10. Bd3 Re8+ 11. Be3 Nd7 12. O-O Qc7 13. Rfe1 Re7 14. Bd2
Rae8 15. Rxe7 Rxe7 16. Re1 Rxe1+ 17. Bxe1 g6 0-1

[Event "Let's Play Chess!"]
[Site "http://www.queenalice.com/game.php?id=455467"]
[Date "2008.8.29"]
[Round "-"]
[White "constantin"]
[Black "erasmus"]
[Result "0-1"]
[WhiteElo "1845"]
[BlackElo "1955"]

1. e4 Nf6 2. d3 e5 3. Bg5 Bc5 4. Qf3 d6 5. Bxf6 gxf6 6. Nc3 c6 7. Nge2 Rg8 8. h3
Be6 9. O-O-O Nd7 10. Ng3 Qa5 11. a3 Bxa3 12. bxa3 Qxc3 13. d4 Qa1+ 14. Kd2 Qxd4+
15. Bd3 O-O-O 16. Nf5 Bxf5 17. Qxf5 Rxg2 18. Ke2 Rdg8 19. Rhf1 R8g3 20. Ke1 Re3+
21. Kd2 Kc7 22. Rg1 Rxd3+ 23. cxd3 Rxf2+ 24. Kc1 Qb2# 0-1

[Event "Let's Play Chess!"]
[Site "http://www.queenalice.com/game.php?id=455561"]
[Date "2008.8.29"]
[Round "-"]
[White "erasmus"]
[Black "luizmortagua"]
[Result "1-0"]
[WhiteElo "1926"]
[BlackElo "1983"]

1. c4 e5 2. Nc3 f5 3. d4 exd4 4. Qxd4 Nc6 5. Qe3+ Qe7 6. Nd5 Qxe3 7. Bxe3 Bd6 8.
O-O-O Nge7 9. g3 b6 10. Bg2 Ba6 11. b3 O-O-O 12. Nf3 Nb4 13. Nc3 Rhe8 14. Ng5
Kb8 15. Nf7 Rc8 16. Nxd6 cxd6 17. Rxd6 Bb7 18. Bxb7 Kxb7 19. Rxd7+ Rc7 20. Rxc7+
Kxc7 21. Rd1 Nbc6 22. Nb5+ Kb8 23. Bf4+ 1-0

[Event "Let's Play Chess!"]
[Site "http://www.queenalice.com/game.php?id=455562"]
[Date "2008.8.29"]
[Round "-"]
[White "arnelsr"]
[Black "erasmus"]
[Result "0-1"]
[WhiteElo "1441"]
[BlackElo "1944"]

1. e4 Nf6 2. Nc3 e5 3. Nf3 Bb4 4. a3 Bxc3 5. bxc3 O-O 6. d3 d6 7. Bg5 h6 8. Bh4
Bg4 9. Be2 Nbd7 10. h3 Bh5 11. O-O g5 12. Nxg5 hxg5 13. Bxg5 Bxe2 14. Qxe2 Kh8
15. f4 Rg8 16. Qe1 Rg7 17. h4 Qg8 18. fxe5 Nh7 19. Rf5 Nxg5 20. hxg5 Nxe5 21.
Qg3 Rf8 22. Raf1 Rh7 23. R1f4 Ng6 24. Rg4 Kg7 25. d4 Qh8 26. Qf3 Nh4 27. Rxh4
Rxh4 28. Qg3 Rh1+ 29. Kf2 Qh4 0-1

[Event "Let's Play Chess!"]
[Site "http://www.queenalice.com/game.php?id=457271"]
[Date "2008.9.4"]
[Round "-"]
[White "Andre251"]
[Black "erasmus"]
[Result "0-1"]
[WhiteElo "1763"]
[BlackElo "1967"]

1. e4 Nf6 2. Nc3 e5 3. Bc4 Nxe4 4. Nxe4 d5 5. Qe2 dxc4 6. Qxc4 Nc6 7. c3 Be6 8.
Qb5 a6 9. Qxb7 Na5 10. Nf6+ gxf6 11. Qf3 Rg8 12. h3 Bd5 13. Qf5 Rxg2 14. Ne2 Rg5
15. Qc2 Bxh1 16. Qa4+ Nc6 17. d4 Rh5 18. Ng3 Rxh3 19. Nxh1 Rxh1+ 20. Ke2 Qd5 21.
f3 Qb5+ 22. Qxb5 axb5 23. d5 Ne7 24. d6 cxd6 25. Kd2 d5 26. f4 Bh6 27. Kc2 Bxf4
28. a3 Rxc1+ 29. Rxc1 Bxc1 30. Kxc1 h5 31. Kc2 h4 32. Kb3 Nc6 33. c4 bxc4+ 34.
Kc3 h3 35. b4 Rxa3+ 36. Kb2 Rb3+ 37. Ka2 h2 38. b5 Nb4+ 39. Ka1 h1=R# 0-1

[Event "Let's Play Chess!"]
[Site "http://www.queenalice.com/game.php?id=458098"]
[Date "2008.9.4"]
[Round "-"]
[White "trallala"]
[Black "erasmus"]
[Result "0-1"]
[WhiteElo "1723"]
[BlackElo "1946"]

1. g3 Nf6 2. c4 e5 3. Nc3 g6 4. Bg2 Bg7 5. e3 O-O 6. Nge2 d6 7. d4 Re8 8. O-O
Nbd7 9. d5 e4 10. Qc2 Qe7 11. b4 Nb6 12. Qb3 Bg4 13. Nd4 a5 14. bxa5 Rxa5 15.
Bd2 Rc5 16. Rac1 Nxc4 0-1

[Event "Chess!"]
[Site "http://www.queenalice.com/game.php?id=475000"]
[Date "2008.10.11"]
[Round "-"]
[White "ricma"]
[Black "erasmus"]
[Result "0-1"]
[WhiteElo "2042"]
[BlackElo "1990"]

1. e4 Nf6 2. Nc3 e5 3. Bc4 Bb4 4. d3 c6 5. Bd2 d5 6. exd5 cxd5 7. Bb3 Nc6 8. a3
Ba5 9. Nge2 O-O 10. O-O Bg4 11. Qc1 d4 12. Bg5 dxc3 0-1

[Event "Let's Play Chess!"]
[Site "http://www.queenalice.com/game.php?id=475302"]
[Date "2008.10.11"]
[Round "-"]
[White "Aylton"]
[Black "erasmus"]
[Result "0-1"]
[WhiteElo "2010"]
[BlackElo "2026"]

1. e4 Nf6 2. Nc3 e5 3. d3 d5 4. Bg5 Bb4 5. exd5 Bxc3+ 6. bxc3 Qxd5 7. Bxf6 gxf6
8. Qf3 Qc6 9. Qxc6+ Nxc6 10. Nf3 Rg8 11. g3 Be6 12. Bg2 O-O-O 13. O-O f5 14.
Rfe1 f6 15. a3 Rge8 16. Rad1 Bd5 17. c4 Bxf3 18. Bxf3 Nd4 19. Bh5 Nxc2 20. Bxe8
Nxe1 21. Rxe1 Rxe8 22. f4 Kd7 23. fxe5 fxe5 24. Kf2 h5 25. Kf3 a6 26. Kg2 Kd6
27. Kh3 Kc5 28. Kh4 e4 29. Kxh5 e3 30. Kg5 Kd4 31. Kxf5 Kxd3 32. h4 Kd2 33. Rg1
e2 34. h5 Rf8+ 35. Kg5 Rf1 36. Rg2 Ke3 37. Rxe2+ Kxe2 38. h6 Kf3 39. g4 Rg1 40.
h7 Rxg4+ 41. Kf6 Rh4 42. Kg7 Ke4 43. h8=Q Rxh8 44. Kxh8 Kd4 0-1

[Event "Let's Play Chess!"]
[Site "http://www.queenalice.com/game.php?id=475963"]
[Date "2008.10.11"]
[Round "-"]
[White "erasmus"]
[Black "constantin"]
[Result "1-0"]
[WhiteElo "1983"]
[BlackElo "1758"]

1. e4 e5 2. Nc3 Bb4 3. Nd5 Bc5 4. b4 Bd4 5. c3 Bb6 6. Qg4 g6 7. Qf3 c6 8. Nxb6
Qxb6 9. Bc4 f6 10. Bxg8 Rxg8 11. Qxf6 Qb5 12. a4 Qb6 13. Qxe5+ Kd8 14. Nf3 Re8
15. Qg5+ Kc7 16. O-O Rxe4 17. d3 Re8 18. Bf4+ d6 19. Rfe1 Rxe1+ 20. Rxe1 Bf5 21.
Bxd6+ Kxd6 22. Qe7+ Kd5 23. c4# 1-0

[Event "Let's Play Chess!"]
[Site "http://www.queenalice.com/game.php?id=475964"]
[Date "2008.10.11"]
[Round "-"]
[White "erasmus"]
[Black "jope"]
[Result "1-0"]
[WhiteElo "1975"]
[BlackElo "1764"]

1. e4 c5 2. Nc3 d6 3. f4 e5 4. d3 exf4 5. Bxf4 h6 6. Nf3 Nf6 7. d4 cxd4 8. Nxd4
a6 9. Bc4 Be7 10. Qd2 Nc6 11. O-O-O d5 12. Nxd5 Nxe4 13. Qe3 Nd6 14. Nxc6 bxc6
15. Nxe7 Qc7 16. Nd5+ Kd8 17. Nxc7 Kxc7 18. Bxd6+ Kb7 19. Qe7+ Kb6 20. Qc7# 1-0

[Event "AUTO-ADV-868"]
[Site "http://www.queenalice.com/game.php?id=477656"]
[Date "2008.10.15"]
[Round "2"]
[White "Tonto"]
[Black "erasmus"]
[Result "0-1"]
[WhiteElo "1868"]
[BlackElo "2065"]

1. e4 Nf6 2. d3 e5 3. Nf3 Nc6 4. a3 d5 5. exd5 Nxd5 6. c4 Nf6 7. Nc3 Bc5 8. h3
O-O 9. Be2 Re8 10. Ne4 Nxe4 11. dxe4 Qf6 12. O-O Qg6 13. Ng5 Rd8 14. Qb3 h6 15.
Bg4 Nd4 16. Qg3 Bxg4 17. Qxg4 hxg5 18. Qxg5 Qxg5 19. Bxg5 Rd7 20. Rae1 f6 21.
Be3 Ne6 22. Rd1 Rad8 23. Rd5 Bxe3 24. fxe3 c6 25. Ra5 b6 26. Ra4 Nc5 27. Rb4
Nxe4 28. c5 Nxc5 29. Rc4 Rd3 30. b4 Na4 31. Rxc6 Rxa3 32. Rf3 Rdd3 33. Kf2 Nc3
34. h4 Nd5 35. e4 Rxf3+ 36. gxf3 Nxb4 37. Rc8+ Kf7 38. Rc7+ Kg6 39. Kg3 Nd3 40.
Rc2 Nc5 41. Kg4 a5 42. h5+ Kf7 43. Rd2 b5 44. Rd6 b4 45. Rc6 Rc3 46. Rb6 b3 47.
Rb5 a4 48. Rb8 a3 49. Rh8 b2 50. Rh7 Kg8 0-1

[Event "AUTO-ADV-868"]
[Site "http://www.queenalice.com/game.php?id=477657"]
[Date "2008.10.15"]
[Round "2"]
[White "erasmus"]
[Black "Tonto"]
[Result "1-0"]
[WhiteElo "2040"]
[BlackElo "1885"]

1. e4 e5 2. Nc3 a6 3. f4 d6 4. Nf3 Nc6 5. Bc4 h6 6. O-O exf4 7. d4 g5 8. e5 Bf5
9. Re1 Be7 10. Nd5 Qd7 11. Nf6+ Bxf6 12. exf6+ Be6 13. d5 Nxf6 14. dxe6 fxe6 15.
Rxe6+ Ne7 16. Rxf6 O-O-O 17. Be6 Nc6 18. Bxd7+ Kxd7 19. Nd4 Ne5 20. b3 Ke7 21.
Re6+ Kf7 22. Qh5+ Kf8 23. Rxh6 Rxh6 24. Qxh6+ Kf7 25. Qxg5 Rg8 26. Qxf4+ Ke7 27.
Nf3 Ke6 28. Nxe5 dxe5 29. Qc4+ 1-0

[Event "AUTO-ADV-868"]
[Site "http://www.queenalice.com/game.php?id=477658"]
[Date "2008.10.15"]
[Round "2"]
[White "philipp84lemke"]
[Black "erasmus"]
[Result "0-1"]
[WhiteElo "2050"]
[BlackElo "2008"]

1. d4 d5 2. c4 e6 3. Nc3 c6 4. Nf3 dxc4 5. a4 Bb4 6. e3 b5 7. axb5 Bxc3+ 8. bxc3
cxb5 9. Be2 Nf6 10. Ba3 Bb7 11. O-O a5 12. Ne5 Nbd7 13. Qb1 Rb8 14. Bd6 Be4 15.
Qb2 Rb6 16. Ba3 Qb8 17. Ng4 b4 18. cxb4 axb4 19. Nxf6+ Nxf6 20. Bxc4 bxa3 21.
Qxa3 Rb4 22. Ba2 O-O 23. f3 Bd5 24. Bxd5 Nxd5 25. e4 Nf6 26. Rfd1 Rd8 27. Qc3 h6
28. Rac1 Qb6 0-1

[Event "AUTO-ADV-868"]
[Site "http://www.queenalice.com/game.php?id=477659"]
[Date "2008.10.15"]
[Round "2"]
[White "erasmus"]
[Black "philipp84lemke"]
[Result "1-0"]
[WhiteElo "2050"]
[BlackElo "2029"]

1. e4 e5 2. Nc3 Nf6 3. f4 d5 4. fxe5 Nxe4 5. d3 Nc5 6. d4 Ne4 7. Nxe4 dxe4 8.
Be3 Nc6 9. Qd2 Be7 10. O-O-O O-O 11. Bc4 a6 12. Ne2 b5 13. Bb3 a5 14. c3 Bf5 15.
Ng3 Bg6 16. Bc2 Qd5 17. Kb1 a4 18. h4 h6 19. h5 Bh7 20. Qe2 Na5 21. Bc1 f5 22.
exf6 Bxf6 23. Bxe4 Bxe4+ 24. Nxe4 Be7 25. g4 Rae8 26. Qg2 Kh8 27. Rdg1 Bd8 28.
Nc5 Qc4 29. g5 Re2 30. Qg3 hxg5 31. h6 gxh6 32. Rxh6+ Kg7 33. Qh3 Be7 34. Rh7+
Kg6 35. Qh5+ Kf5 36. Rf1+ 1-0

[Event "Challenge"]
[Site "http://www.queenalice.com/game.php?id=484992"]
[Date "2008.10.29"]
[Round "-"]
[White "constantin"]
[Black "erasmus"]
[Result "0-1"]
[WhiteElo "1750"]
[BlackElo "2073"]

1. e4 Nf6 2. d3 e5 3. Bg5 Nc6 4. c3 Bc5 5. Qf3 d6 6. Bxf6 Qxf6 7. Qxf6 gxf6 8.
Nf3 f5 9. exf5 Bxf5 10. Be2 Rg8 11. Nh4 Be6 12. Nf3 O-O-O 13. g3 f5 14. b4 Bb6
15. a4 a6 16. b5 axb5 17. axb5 Ne7 18. Ra8+ Kd7 19. Rxd8+ Kxd8 20. Kf1 f4 21.
gxf4 exf4 22. Rg1 Rxg1+ 23. Nxg1 c6 24. d4 Kc7 25. bxc6 bxc6 26. Bd3 Ng6 27. Ne2
Bg4 28. Bxg6 Bxe2+ 29. Kxe2 hxg6 30. Nd2 d5 31. Nf3 c5 32. dxc5 Bxc5 33. Ne5 g5
0-1

[Event "Let's Play Chess!"]
[Site "http://www.queenalice.com/game.php?id=486742"]
[Date "2008.11.2"]
[Round "-"]
[White "dnptrs"]
[Black "erasmus"]
[Result "1/2-1/2"]
[WhiteElo "2006"]
[BlackElo "2041"]

1. d4 Nf6 2. Nf3 c5 3. e3 e6 4. Be2 b6 5. c4 Bb7 6. O-O Be7 7. Nc3 O-O 8. d5 d6
9. e4 Na6 10. dxe6 fxe6 11. e5 dxe5 12. Nxe5 Qxd1 13. Rxd1 Nb4 14. Bf3 Bxf3 15.
Nxf3 Rad8 16. Bd2 Nc2 17. Rab1 a6 18. Ne2 Nd4 19. Nexd4 cxd4 20. Be1 Ne4 21.
Nxd4 Rd6 22. Nf3 Rfd8 23. Rxd6 Rxd6 24. Bb4 Nc5 25. Kf1 Kf7 26. Bc3 Ne4 27. Be1
Bf6 28. b3 h6 29. Ke2 g5 30. Rd1 g4 31. Ng1 Rxd1 32. Kxd1 Bd4 33. Ke2 h5 34. Kd3
Bxf2 35. Bxf2 Nxf2+ 36. Kd4 Kf6 37. a4 Kf5 38. b4 Ne4 39. Ne2 Nf6 40. c5 bxc5+
41. Kxc5 Ke4 42. Ng3+ Ke3 43. b5 axb5 44. a5 h4 45. Nh5 Nd7+ 46. Kxb5 Nb8 47.
Kc5 Kf2 48. g3 hxg3 49. hxg3 e5 50. Kd5 Kf3 51. Kxe5 Nc6+ 52. Kd5 Nxa5 53. Nf6
1/2-1/2